| 000 | 00733nas a2200217 4500 | ||
|---|---|---|---|
| 001 | BR7905160 | ||
| 003 | BR-BrBNA | ||
| 005 | 20231205083906.0 | ||
| 007 | ta | ||
| 008 | 230509b bl.|||p| |||| 00| 00por d | ||
| 040 |
_aBR-BrBNA _bpor _cBiblioteca Nacional de Agricultura |
||
| 041 | _a(Pt) | ||
| 072 | _aK70 | ||
| 110 | 1 |
_aCentro de Assistencia Gerencial a Pequena e Media Empresa do Parana, Curitiba (Brasil) _91453 |
|
| 245 | 1 | _aInforme tecnico. Protecao contra incendio [Protecao florestal] | |
| 650 | _aProtecao florestal | ||
| 650 | _aIncendio florestal | ||
| 773 | 0 |
_tBrasil Madeira (Brazil) _xISSN 0100-3119 _g(Jun 1979), v. 3(30) p. 38-42 _wBR7905160 |
|
| 909 |
_a202311 _bLúcia _c55 _dLúcia Elande |
||
| 942 |
_2AGRIS _n0 _cANA |
||
| 999 |
_c101861 _d101861 |
||